| 000 | 00565cab a2200229 4500 | ||
|---|---|---|---|
| 001 | X764 | ||
| 008 | 090401t1993 xxu||||| |||| 00| 0 eng d | ||
| 035 | _a(Sirsi) u67364 | ||
| 041 | _aeng | ||
| 100 | _aPannell, B. | ||
| 245 | _aCharacteristics of mortgage lending in 1992 | ||
| 260 | _c1993 | ||
| 350 | _a0 | ||
| 490 |
_aHousing Finance _v(18) May 1993, 7-18(12) |
||
| 650 | _aBUILDING SOCIETIES | ||
| 650 | _aHOUSE COMPLETIONS | ||
| 650 | _aMORTGAGE LENDERS | ||
| 650 | _aMORTGAGES | ||
| 690 | _aHOUSING-FINANCE | ||
| 942 | _n0 | ||
| 948 | _c04/03/1997 | ||
| 999 |
_c42160 _d42160 |
||